| 000 | 00636nam a2200229Ia 4500 | ||
|---|---|---|---|
| 003 | OSt | ||
| 005 | 20220924132635.0 | ||
| 006 | a|||||r|||| 00| 0 | ||
| 007 | ta | ||
| 008 | 220923b |||||||| |||| 00| 0 san d | ||
| 024 | _a75333 | ||
| 037 | _cTextual | ||
| 040 |
_aARTS _cARTS _bsan |
||
| 041 |
_2san _asan |
||
| 082 | _aR66x91:1:11, 15E7 | ||
| 100 | _aMadhusudana Saraswati | ||
| 245 | 0 | _aAdvaita siddhi with various comms., ed by Anantakrishna Sastri | |
| 260 | _c1917 | ||
| 650 |
_aADVAITA PHILOSOPHY _9790 |
||
| 942 |
_hR66x91:1:11, 15E7 _cTEXL _2CC |
||
| 999 |
_c430952 _d430952 |
||